000 00747cam a22002533a 4500
001 13808
003 PGUSA
005 20140828083309.0
008 041020s2004||||xxu|||||s|||||000 1 eng d
040 _aPGUSA
_beng
042 _adc
050 4 _aPQ
100 1 _aBarbara, Charles,
_d1817-1866
245 1 0 _aL'assassinat du pont-rouge
_h[electronic resource] /
_cCharles Barbara
260 _bProject Gutenberg,
_c2004
506 _aPublic domain in the USA.
516 _aElectronic text
653 _aYoung men -- Fiction
653 _aFrance -- Social life and customs -- 19th century -- Fiction
653 _aMurder -- Fiction
830 0 _aProject Gutenberg
_v13808
856 4 0 _uhttp://www.gutenberg.org/ebooks/13808
942 _cEB
999 _c243063
_d243063